Statistics for Every Class 1 California Senator

Click here to take the quiz!

General Stats

  • This quiz has been taken 15 times
    (6 since last reset)
  • The average score is 8 of 29

Answer Stats

Answer% Correct
Dianne Feinstein
100%
Hiram Johnson
100%
Laphonza Butler
100%
Pete Wilson
100%
John C. Fremont
75%
George L. Murphy
50%
John Seymour
50%
John V. Tunney
50%
Samuel I. Hayakawa
50%
William F. Knowland
50%
Clair Engle
25%
Pierre E. G. Salinger
25%
Abram P. Williams
0%
Charles N. Felton
0%
David C. Broderick
0%
Eugene Casserly
0%
Frank P. Flint
0%
George Hearst
0%
George Hearst
0%
Henry P. Haun
0%
John B. Weller
0%
John Conness
0%
John D. Works
0%
John F. Miller
0%
John S. Hager
0%
Milton S. Latham
0%
Newton Booth
0%
Stephen M. White
0%
Thomas R. Bard
0%

Score Distribution

Percentile by Number Answered

Percent of People with Each Score

Your Score History

You have not taken this quiz since the last reset